000 00368 a2200097 4500
245 0 0 _aAparaty słuchowe - Metody badań parametrów aparatów słuchowych z wyjściem w postaci wibratora kostnego PN-93/T-04704.09 /
_cMP i Handlu.
246 1 3 _aPN-93/T-04704.09
246 1 3 _a621.395.92:534.773.2
260 _aWarszawa :
_bMP i Handlu,
_c1992.
300 _a8 stron ;
_c30 cm.
650 _aPolska norma
999 _c20255
_d20255